[Event "GER-ch Net Amateur Gr-B Vor3"]
[Site "Playchess.com INT"]
[Date "2020.04.16"]
[Round "1"]
[White "Hoke, Joshua Sky"]
[Black "Klatt, Ronald"]
[Result "1/2-1/2"]
[WhiteElo "1554"]
[BlackElo "1722"]
[PlyCount "182"]
[EventDate "2020.04.16"]
[EventType "swiss (blitz)"]
[EventRounds "9"]
[EventCountry "GER"]
[SourceTitle "CBM 195 Extra"]
[Source "ChessBase"]
[SourceDate "2020.05.31"]
[SourceVersion "1"]
[SourceVersionDate "2020.05.31"]
[SourceQuality "1"]

1. e4 c5 2. Nf3 Nc6 3. d4 cxd4 4. Nxd4 Qb6 5. Nxc6 bxc6 6. Nc3 e6 7. Be2 Nf6 8. 0-0 Be7 9. Rb1 d6 10. Be3 Qc7 11. Qd2 e5 12. Rfd1 Bb7 13. Bf3 0-0 14. Bg5 Rfe8 15. Bxf6 gxf6 16. Qh6 Bf8 17. Qh4 Bg7 18. Bg4 Bc8 19. Rd3 Qe7 20. Rg3 Kh8 21. Rh3 h6 22. Rd1 Bxg4 23. Qxg4 Qe6 24. Qf3 Rad8 25. Rg3 Rg8 26. Qe3 Kh7 27. Qxa7 d5 28. exd5 cxd5 29. Qc5 d4 30. Ne4 f5 31. Nd2 Bf8 32. Qc4 Rxg3 33. hxg3 Bg7 34. Qxe6 fxe6 35. Nf3 e4 36. Ne1 Rb8 37. b3 Rc8 38. a4 e5 39. a5 f4 40. gxf4 exf4 41. a6 Ra8 42. f3 Rxa6 43. fxe4 Re6 44. Nf3 Rxe4 45. Kf2 Kg6 46. b4 d3 47. cxd3 Rxb4 48. d4 Rb2+ 49. Kg1 Rb8 50. d5 Rd8 51. Kf2 Kf5 52. Ke2 Ke4 53. Rd4+ Kf5 54. Rd3 Ke4 55. Ra3 Rxd5 56. Ra4+ Kf5 57. Rb4 Rc5 58. Rb7 Bf6 59. Rb6 Rc2+ 60. Kf1 Rc1+ 61. Kf2 Rc2+ 62. Kg1 Rc1+ 63. Kh2 Kg6 64. Ne5+ Kf5 65. Nd3 Rd1 66. Nf2 Rd2 67. Nh3 Rd3 68. Nxf4 Kxf4 69. Rxf6+ Kg5 70. Re6 Rd7 71. Re4 Rf7 72. Ra4 Rf6 73. Kg3 Re6 74. Ra5+ Kg6 75. Kh4 Re4+ 76. g4 Re1 77. Ra6+ Kg7 78. Kg3 Rg1+ 79. Kf3 Rf1+ 80. Kg2 Rf4 81. Kg3 Rc4 82. Kh4 Rc1 83. Ra7+ Kg6 84. Ra6+ Kg7 85. Kg3 Rg1+ 86. Kf3 Rf1+ 87. Ke4 Rg1 88. Kf5 Rf1+ 89. Ke5 Re1+ 90. Kf4 Rf1+ 91. Kg3 Rg1+ 1/2-1/2

[Event "GER-ch Net Amateur Gr-B Vor3"]
[Site "Playchess.com INT"]
[Date "2020.04.16"]
[Round "7"]
[White "Klatt, Ronald"]
[Black "Czarnik, Jozef"]
[Result "1/2-1/2"]
[WhiteElo "1746"]
[BlackElo "1669"]
[PlyCount "87"]
[EventDate "2020.04.16"]
[EventType "swiss (blitz)"]
[EventRounds "9"]
[EventCountry "GER"]
[SourceTitle "CBM 195 Extra"]
[Source "ChessBase"]
[SourceDate "2020.05.31"]
[SourceVersion "1"]
[SourceVersionDate "2020.05.31"]
[SourceQuality "1"]

1. f4 g6 2. Nf3 Bg7 3. e3 d5 4. Nc3 c6 5. b3 Bg4 6. Bb2 e6 7. h3 Bxf3 8. Qxf3 Ne7 9. d3 0-0 10. g4 Nd7 11. Bg2 Qa5 12. d4 c5 13. 0-0-0 cxd4 14. exd4 Rac8 15. Kb1 Nc6 16. f5 Nxd4 17. Qd3 gxf5 18. gxf5 Nxf5 19. Nxd5 Bxb2 20. Kxb2 exd5 21. Qxf5 Qc3+ 22. Kb1 Nb6 23. Rhg1 Kh8 24. Qd3 Qxd3 25. Rxd3 Rcd8 26. Bf3 f6 27. Rgd1 Kg7 28. Bxd5 Nxd5 29. Rxd5 Rxd5 30. Rxd5 Rf7 31. Ra5 a6 32. Rd5 f5 33. Rd3 f4 34. Rf3 Kg6 35. c4 Kf5 36. Kc2 Ke4 37. Rf1 f3 38. Kd2 Rd7+ 39. Ke1 Rd3 40. Rf2 Re3+ 41. Kd2 Rd3+ 42. Ke1 Re3+ 43. Kd2 Rd3+ 44. Ke1 1/2-1/2

[Event "GER-ch Net Amateur Gr-B Vor3"]
[Site "Playchess.com INT"]
[Date "2020.04.16"]
[Round "5"]
[White "Klatt, Ronald"]
[Black "Schubert, Joachim"]
[Result "1-0"]
[WhiteElo "1716"]
[BlackElo "1668"]
[PlyCount "69"]
[EventDate "2020.04.16"]
[EventType "swiss (blitz)"]
[EventRounds "9"]
[EventCountry "GER"]
[SourceTitle "CBM 195 Extra"]
[Source "ChessBase"]
[SourceDate "2020.05.31"]
[SourceVersion "1"]
[SourceVersionDate "2020.05.31"]
[SourceQuality "1"]

1. d4 f5 2. e4 fxe4 3. Nc3 Nf6 4. f3 exf3 5. Nxf3 d6 6. Bd3 Bg4 7. 0-0 Nbd7 8. h3 Bh5 9. g4 Bf7 10. Ng5 Bg8 11. Qe2 e5 12. dxe5 Nxe5 13. Bf4 Nfd7 14. Rae1 Be7 15. Nf3 Nxf3+ 16. Rxf3 g5 17. Bxg5 Ne5 18. Rf5 Bxg5 19. Rxe5+ dxe5 20. Qxe5+ Be7 21. Qxh8 Kd7 22. Bf5+ Kc6 23. Qe5 Bc5+ 24. Kg2 Bd5+ 25. Nxd5 Qxd5+ 26. Be4 Rd8 27. Bxd5+ Rxd5 28. Qe8+ Kb6 29. a3 Bd6 30. Re6 Rd2+ 31. Kf3 Rxc2 32. Qa4 Rxb2 33. Qd4+ Kc6 34. Qxb2 b6 35. Rxd6+ 1-0

[Event "GER-ch Net Amateur Gr-B Vor2"]
[Site "Playchess.com INT"]
[Date "2020.04.15"]
[Round "8"]
[White "Klatt, Ronald"]
[Black "Metzdorf, Matteo"]
[Result "0-1"]
[WhiteElo "1732"]
[BlackElo "1878"]
[PlyCount "100"]
[EventDate "2020.04.15"]
[EventType "swiss (blitz)"]
[EventRounds "9"]
[EventCountry "GER"]
[SourceTitle "CBM 196 Extra"]
[Source "ChessBase"]
[SourceDate "2020.07.31"]
[SourceVersion "1"]
[SourceVersionDate "2020.07.31"]
[SourceQuality "1"]

1. f4 d5 2. Nf3 Nf6 3. e3 c5 4. Bb5+ Nc6 5. Bxc6+ bxc6 6. b3 e6 7. Bb2 Bd6 8. 0-0 Ba6 9. Ne5 Bxf1 10. Qxf1 Qc7 11. d3 0-0 12. Nd2 Nd7 13. Ndf3 f6 14. Nxd7 Qxd7 15. Qf2 Rae8 16. Qh4 Qe7 17. Re1 e5 18. f5 Qf7 19. e4 Rb8 20. Bc1 c4 21. Be3 d4 22. Bf2 Bb4 23. Rf1 cxd3 24. cxd3 a5 25. g4 h6 26. Qg3 a4 27. h4 axb3 28. axb3 Qxb3 29. g5 fxg5 30. hxg5 hxg5 31. Nxg5 Bd2 32. Ne6 Rf7 33. Qxe5 Be3 34. Nxd4 Bxf2+ 35. Rxf2 Qd1+ 36. Kg2 Qg4+ 37. Kh2 Rbf8 38. Ne6 Re8 39. Rg2 Qh4+ 40. Kg1 Qe1+ 41. Kh2 Qh4+ 42. Kg1 Qf6 43. Qg3 Ree7 44. Rh2 Rxe6 45. Qb8+ Rf8 46. Rh8+ Kxh8 47. fxe6 Rxb8 48. e7 Re8 49. e5 Qxe7 50. e6 Qxe6 0-1

[Event "GER-ch Net Amateur Gr-B Vor2"]
[Site "Playchess.com INT"]
[Date "2020.04.15"]
[Round "5"]
[White "Klatt, Ronald"]
[Black "Zeuner, Ole"]
[Result "0-1"]
[WhiteElo "1692"]
[BlackElo "1877"]
[PlyCount "92"]
[EventDate "2020.04.15"]
[EventType "swiss (blitz)"]
[EventRounds "9"]
[EventCountry "GER"]
[SourceTitle "CBM 196 Extra"]
[Source "ChessBase"]
[SourceDate "2020.07.31"]
[SourceVersion "1"]
[SourceVersionDate "2020.07.31"]
[SourceQuality "1"]

1. f4 e6 2. Nf3 Nc6 3. e3 d5 4. Bb5 a6 5. Bxc6+ bxc6 6. b3 c5 7. Bb2 Nf6 8. 0-0 Bd6 9. Ne5 0-0 10. d3 Bb7 11. Qe2 Nd7 12. Nxd7 Qxd7 13. Nd2 f6 14. Qh5 Qf7 15. Qh3 Qg6 16. Nf3 Rae8 17. Rae1 e5 18. f5 Qf7 19. e4 dxe4 20. dxe4 c4 21. Nh4 Bc5+ 22. Kh1 Rd8 23. Bc3 Rd7 24. b4 Bb6 25. Rd1 Bxe4 26. Rxd7 Qxd7 27. Qg4 Bxc2 28. Qxc4+ Kh8 29. Qg4 Qd3 30. Rc1 Qxc3 31. Qh5 Rd8 32. Ng6+ Kg8 33. Ne7+ Kf8 34. Qxh7 Qd2 35. Ng6+ Kf7 36. Rf1 Qd1 37. Nxe5+ fxe5 38. Qg6+ Kf8 39. h4 Qxf1+ 40. Kh2 Qf4+ 41. Kh3 Rd3+ 42. g3 Rxg3+ 43. Qxg3 Qxg3+ 44. Kxg3 Bxf5 45. h5 e4 46. a3 e3 0-1

[Event "GER-ch Net Amateur Gr-B Vor2"]
[Site "Playchess.com INT"]
[Date "2020.04.15"]
[Round "3"]
[White "Sundui, Chinguun"]
[Black "Klatt, Ronald"]
[Result "0-1"]
[WhiteElo "1759"]
[BlackElo "1645"]
[PlyCount "150"]
[EventDate "2020.04.15"]
[EventType "swiss (blitz)"]
[EventRounds "9"]
[EventCountry "GER"]
[SourceTitle "CBM 196 Extra"]
[Source "ChessBase"]
[SourceDate "2020.07.31"]
[SourceVersion "1"]
[SourceVersionDate "2020.07.31"]
[SourceQuality "1"]

1. Nf3 Nf6 2. d4 c5 3. e3 e6 4. Be2 b6 5. 0-0 Bb7 6. b3 d6 7. Bb2 Be7 8. c4 0-0 9. Nc3 Nbd7 10. Rc1 a6 11. Qc2 Qc7 12. Rfd1 Rad8 13. h3 Rfe8 14. a3 h6 15. dxc5 dxc5 16. Rd2 Nf8 17. Rcd1 Rxd2 18. Rxd2 Ng6 19. Qd1 Qc6 20. Bf1 Qc7 21. a4 Bc6 22. Be2 Rb8 23. Ba3 Qb7 24. Bb2 Ne4 25. Nxe4 Bxe4 26. Rd7 Qc6 27. Be5 Rc8 28. Bg3 Bf8 29. Kh1 Re8 30. Rd8 Rxd8 31. Qxd8 Qa8 32. Qd2 Qe8 33. Kh2 Be7 34. Ne5 Nxe5 35. Bxe5 Qd8 36. Qxd8+ Bxd8 37. Bd1 Bd3 38. Bc3 Kf8 39. Kg1 f6 40. f3 e5 41. Kf2 Bc7 42. e4 Ke7 43. Ke3 Bf1 44. Kf2 Bd3 45. Be2 Bc2 46. b4 Bxa4 47. bxc5 bxc5 48. Ke3 Bb3 49. Kd3 a5 50. Kd2 a4 51. Kc1 Ke6 52. Bd1 Bxc4 53. Bxa4 Bf1 54. Be8 Bxg2 55. Bg6 Bxh3 56. Bf5+ Bxf5 57. exf5+ Kxf5 58. Kd2 Kf4 59. Ke2 h5 60. Kf2 h4 61. Kg2 h3+ 62. Kxh3 Kxf3 63. Bd2 e4 64. Bc3 e3 65. Kh4 Ke2 66. Kh3 Kd1 67. Kh4 e2 68. Kh3 e1Q 69. Bxe1 Kxe1 70. Kh4 c4 71. Kh3 c3 72. Kh4 c2 73. Kh3 c1Q 74. Kh4 Qg5+ 75. Kh3 Qh5+ 0-1